000 01767nam a2200289Ia 4500
999 _c53804
_d53804
001 20855
003 GE_BSU
005 20210514132730.0
008 181216s ||||ge |||||||||||||| ||geo||
020 _a9789941181986
040 _cGE_BSU
080 _a128 ლ-27
100 _aლატური, ბ. (ბრუნო)
_911797
245 _aარასოდეს ვყოფილვართ მოდერნულები :
_bსიმეტრიული ანთროპოლოგიის მცდელობა /
_cბ. (ბრუნო) ლატური ; ფრანგ. თარგმნა ელენე ლადარიამ ; სამეცნ. რედ. ნინო ფირცხალავა ; სერიის რედ. თამარ ცოფურიშვილი.
264 _aთბილისი :
_bილიას სახელმწ. უნ-ტი,
_c2014.
300 _a212 გვ. ;
_c20 სმ.
490 _aფილოსოფიური ბიბლიოთეკა
_vსერიის წ.1
_x1512-2042
504 _aბიბლიოგრ. : გვ. 206-212
541 _h2ლ.50თ
653 _aფილოსოფია
653 _aფილოსოფიური ანთროპოლოგია
653 _aრელატივობის თეორია
700 _a ლადარიამ, ელენე
_eფრანგულიდან თარგმნა
_911798
700 _a ფირცხალავა, ნინო
_eსამეცნიერო რედაქტორი
_911799
700 _aცოფურიშვილი, თამარ
_eსერიის რედაქტორი
_96909
942 _cBK
_2udc